Quels jeux vidéo se cachent derrière ces (mauvaises) traductions - Statistiques

Statistiques générales
  • Ce quiz a été pris 74 fois
  • Le résultat moyen est 18 sur 26
Statistiques - réponses
Traduction française Réponse % Correct
Oiseaux fâchés Angry Birds
93%
Le crédo des assassins Assassin's Creed
93%
Ligue des Légendes League of Legends
90%
Dieu de la guerre God of War
88%
Besoin de vitesse Need for Speed
85%
Les derniers d'entre nous The Last of US
85%
Bagarreur de rue Street Fighter
84%
Appel du devoir Call of Duty
78%
Mort ou vif Dead or Alive
76%
Combat Mortel Mortal Kombat
76%
Vol de voiture Grand Theft Auto
75%
Demie vie Half Life
75%
Dernière fantaisie Final Fantasy
73%
Equipement de métal solide Metal Gear Solid
72%
Arc-en-ciel 6 Siège Rainbow 6 siege
70%
Simulateur d'agriculture Farming Simulator
69%
Emblème de feu Fire Emblem
67%
Cellules mortes Dead Cells
66%
Médaille d'honneur Medal of Honor
63%
Colline silencieuse Silent Hill
63%
Pilleur de tombes Tomb Raider
57%
Confrontations claniques Clash of Clans
52%
Tué par la lumière du jour Dead by Daylight
48%
Champs de batailles de joueurs anonymes PUBG: Battlegrounds
45%
La reliure d'Isaac The Binding of Isaac
39%
Chevalier creux Hollow Knight
37%
Aucun quiz correspondant
Distribution des résultats
% des personnes avec chaque résultat
Percentile par nombre de réponses
Votre historique - résultats
Vous n’avez pas pris ce quiz